| LEADER |
00880nam0a2200217 450 |
| 001 |
16845391 |
| 010 |
|
|
|a 978-2-8085-0365-5
|b rel.
|d 15,5
|
| 100 |
|
|
|a 20240814d2026 u u0frey01 ba
|
| 101 |
1 |
|
|a fre
|c ita
|
| 102 |
|
|
|a BE
|
| 200 |
0 |
|
|a villa des mystères (La)
|f scénario, Di Gregorio
|g avec la collaboration de Barbucci - dessin & couleur, Barbucci - [traduit de l'italien par Claudia Migliaccio]
|
| 207 |
|
1 |
|a
|
| 210 |
|
|
|a Paris
|b 57, bd de La Villette
|c Dupuis
|d DL 2024
|
| 215 |
|
|
|a 1 vol. (72 p.)
|c ill. en coul.
|d 29 cm
|
| 225 |
1 |
|
|a Les soeurs Grémillet
|v 6
|
| 461 |
|
0 |
|t Les soeurs Grémillet
|v 6
|
| 700 |
|
0 |
|a Di Gregorio
|b Giovanni
|c Auteur du texte
|4 70
|
| 702 |
|
0 |
|a Barbucci
|b Alessandro
|f 1973-....
|4 440
|
| 900 |
|
|
|a Bande Dessinée enfant ado
|
| 901 |
|
|
|a Accessible au prêt
|
| 995 |
|
|
|a Bibliothèque
|c Bibliothèque
|f 024024896
|h 024024896
|k BD DIG
|o p
|q j
|r az
|e Bibliothèque
|